Bibliographical control and service / (Record no. 421)
[ view plain ]
| 000 -LEADER | |
|---|---|
| fixed length control field | 00722cam a22002651 4500 |
| 001 - CONTROL NUMBER | |
| control field | 421 |
| 003 - CONTROL NUMBER IDENTIFIER | |
| rucl marc code | BD-RjUL |
| 005 - DATE AND TIME OF LATEST TRANSACTION | |
| control field | 20211208233157.0 |
| 008 - FIXED-LENGTH DATA ELEMENTS--GENERAL INFORMATION | |
| fixed length control field | 131202r19681965enk 001 0 eng d |
| 035 ## - SYSTEM CONTROL NUMBER | |
| System control number | (BD-RjUL)438 |
| System control number | (OCoLC)1045261 |
| 040 ## - CATALOGING SOURCE | |
| Original cataloging agency | DLC |
| Transcribing agency | OClW |
| Modifying agency | DLC |
| Language of cataloging | eng |
| 041 ## - LANGUAGE CODE | |
| Language code of text/sound track or separate title | eng |
| 082 ## - DEWEY DECIMAL CLASSIFICATION NUMBER | |
| Classification number | 028.7 |
| Edition number | 16 |
| Author mark and year | STB 1968 |
| 100 1# - MAIN ENTRY--PERSONAL NAME | |
| Personal name | Stokes, Roy |
| Dates associated with a name | 1915- |
| 9 (RLIN) | 1312 |
| 245 10 - TITLE STATEMENT | |
| Title | Bibliographical control and service / |
| Statement of responsibility, etc. | Roy Stokes |
| 260 ## - PUBLICATION, DISTRIBUTION, ETC. (IMPRINT) | |
| Place of publication, distribution, etc. | London : |
| Name of publisher, distributor, etc. | Andre Deutsch, |
| Date of publication, distribution, etc. | 1965 [impression1968] |
| 300 ## - PHYSICAL DESCRIPTION | |
| Pagination | 125 p. ; |
| Size | 20 cm. |
| 504 ## - BIBLIOGRAPHY, ETC. NOTE | |
| Bibliography, etc | Bibliography: p. 123-124. |
| 650 #0 - SUBJECT ADDED ENTRY--TOPICAL TERM | |
| Topical term or geographic name as entry element | Reference books. |
| 9 (RLIN) | 1313 |
| Topical term or geographic name as entry element | Bibliography. |
| 9 (RLIN) | 1314 |
| 942 ## - ADDED ENTRY ELEMENTS (KOHA) | |
| Source of classification or shelving scheme | Dewey Decimal Classification |
| Koha item type | Books |
| Lost status | Source of classification or shelving scheme | Damaged status | Not for loan | Collection code | Permanent Location | Current Location | Shelving location | Date acquired | Source of acquisition | Cost, normal purchase price | Total Checkouts | Full call number | Date last seen | Copy number | Koha item type |
|---|---|---|---|---|---|---|---|---|---|---|---|---|---|---|---|
| Dewey Decimal Classification | Non-fiction | Central Library, University of Rajshahi | Central Library, University of Rajshahi | 30/12/1970 | Zeit | 18.00 | 028.7 STB 1968 | 18/11/2013 | C-1 | Books | |||||
| Dewey Decimal Classification | Non-fiction | Central Library, University of Rajshahi | Central Library, University of Rajshahi | 30/12/1970 | Zeitlinger | 18.00 | 028.7 STB 1965 | 18/11/2013 | C-2 | Books | |||||
| Dewey Decimal Classification | Non-fiction | Central Library, University of Rajshahi | Central Library, University of Rajshahi | 30/12/1970 | 18.00 | 028.7 STB 1968 | 18/11/2013 | C-3 | Books |